Trends in world politics
I tiakina i:
| Kaituhi matua: | |
|---|---|
| Hōputu: | Pukapuka |
| Reo: | Ingarihi |
| I whakaputaina: |
Nueva York
MacMillan
1965
|
| Rangatū: | Government in the Modern World
|
| Ngā marau: | |
| Ngā Tūtohu: |
Tāpirihia he Tūtohu
Kāore He Tūtohu, Me noho koe te mea tuatahi ki te tūtohu i tēnei pūkete!
|
MARC
| LEADER | 00000nam a2200000 a 4500 | ||
|---|---|---|---|
| 001 | UCT7882 | ||
| 003 | CL-VaPUC | ||
| 008 | 970317e19650000US |||||||||||||||||eng|d | ||
| 082 | 0 | 4 | |a 327.1 |b RUS |2 21 |
| 100 | 0 | |a Russett, Bruce M |e author |9 379145 | |
| 245 | 1 | 0 | |a Trends in world politics |
| 300 | |a 156 p | ||
| 942 | |c BK | ||
| 945 | |d 19970317 00:00:00 |a paguirre | ||
| 260 | |a Nueva York |b MacMillan |c 1965 | ||
| 600 | 0 | 7 | |a ONU |2 CL-VaPUC |9 338253 |
| 650 | 0 | |a Relaciones Internacionales |9 255740 | |
| 650 | 0 | |a Política internacional |9 255813 | |
| 650 | 7 | |a SISTEMA DE NACIONES UNIDAS |2 CL-VaPUC |9 372032 | |
| 650 | 0 | |a Cooperación internacional |9 255447 | |
| 650 | 0 | |a Desarrollo económico y social |9 256320 | |
| 583 | |a last modification |c 19970317 00:00:00 |k Rodrigo Vera | ||
| 490 | 0 | |a Government in the Modern World | |
| 999 | |c 256429 |d 256427 | ||
| 952 | |0 0 |1 0 |4 0 |6 327_100000000000000_RUS_1965 |7 0 |8 A |9 279161 |a BIBDER |b BIBDER |d 2019-11-19 |i 1808850 |o 327.1 RUS 1965 |p 1808850 |r 2023-01-25 |w 2019-11-19 |y BK |k DER | ||